000 00825nas a2200289 4500
001 BR8603302
003 BR-BrBNA
005 20231205090530.0
007 ta
008 230509b bl.|||p| |||| 00| 00por d
040 _aBR-BrBNA
_bpor
_cBiblioteca Nacional de Agricultura
041 _a(Pt)
072 _aP40; P33
100 1 _aSiqueira, D.L. de
100 1 _aBotrel, N.
245 1 _aClima e solo para a cultura do mamoeiro
650 _aMAMAO
650 _aCLIMA
650 _aTEMPERATURA
650 _aCHUVA
650 _aVENTO
650 _aUMIDADE RELATIVA
650 _aSOLO
773 0 _tInforme Agropecuario - Empresa de Pesquisa Agropecuaria de Minas Gerais (Brazil)
_xISSN 0100-3364
_g(Feb 1986), v. 12(134) p. 8-10
_wBR8603302
909 _a202311
_bLúcia
_c55
_dLúcia Elande
942 _2AGRIS
_n0
_cANA
999 _c119102
_d119102